Sucesos migueleños (Registro nro. 4281)

Detalles MARC
000 -CABECERA
Longitud fija campo de control 00559nam a2200181 a 4500
001 - NÚMERO DE CONTROL
Número de control 2039034
003 - IDENTIFICADOR DELl NÚMERO DE CONTROL
Identificador del número de control OSt
005 - FECHA Y HORA DE LA ÚLTIMA TRANSACCIÓN
Fecha y hora de la última transacción 20131120150902.0
008 - CÓDIGOS DE INFORMACIÓN DE LONGITUD FIJA
Códigos de información de longitud fija 930507s1939 es a 000 0 spa d
040 ## - FUENTE DE LA CATALOGACIÓN
Centro catalogador de origen LU
Centro transcriptor BMC
082 ## - NÚMERO DE LA CLASIFICACIÓN DECIMAL DEWEY
Númeroo de clasificación 972.8432
100 1# - PUNTO DE ACCESO PRINCIPAL-NOMBRE DE PERSONA
Nombre de persona Cárdenas, Joaquín E.
9 (RLIN) 9335
245 10 - MENCIÓN DE TÍTULO
Título Sucesos migueleños
Mención de responsabilidad, etc. Joaquín E. Cárdenas
260 ## - PUBLICACIÓN, DISTRIBUCIÓN, ETC. (PIE DE IMPRENTA)
Lugar de publicación, distribución, etc. San Miguel
Nombre del editor, distribuidor, etc. Ministerio de Cultura y Comunicaciones, Dirección de Publicaciones e Impresos
Fecha de publicación, distribución, etc. [s.a.]
300 ## - DESCRIPCIÓN FÍSICA
Extensión 329 p.
Otras características físicas il.
Dimensiones 23 cm
651 #4 - PUNTO DE ACCESO ADICIONAL DE MATERIA - NOMBRE GEOGRÁFICO
Nombre geográfico San Miguel (El Salvador)
9 (RLIN) 9578
Subdivisión de materia general Historia
942 ## - ENTRADA DE ELEMENTOS AGREGADOS (KOHA)
Fuente de clasificaión o esquema Dewey Decimal Classification
Koha [por defecto] tipo de item 1- Monografias
Existencias
Suprimido Perdido Fuente de clasificación o esquema Estropeado Restricciones de uso No para préstamo Código de colección Localización permanente Localización actual Localización en estanter&íacute;as Fecha adquisición Fuente de adquisición Número de inventario Préstamos totales Signatura completa Código de barras Fecha última consulta Fecha último préstamo Coste, precio reemplazado Fecha del precio de reemplazo Tipo de item de Koha
NULL NULL Dewey Decimal Classification NULL Prestable NULL NULL Biblioteca Miguel de Cervantes - UNICAES Biblioteca Miguel de Cervantes - UNICAES Sala Principal 19/11/2013 Donación - DPI 007367 2 972.8432 CAR suc 1007367 29/09/2015 28/09/2015 18.00 19/11/2013 1- Monografias
NULL NULL Dewey Decimal Classification NULL Prestable NULL NULL Biblioteca Miguel de Cervantes - UNICAES Biblioteca Miguel de Cervantes - UNICAES Sala Principal 13/06/2015 Donación - Romeo Tovar Astorga 029970 3 972.8432 CAR suc 1031879 16/05/2016 14/05/2016 18.00 13/06/2015 1- Monografias